Unfolding webs: the dynamics of regional rural development. / (Record no. 3096)
[ view plain ]
| 000 -LEADER | |
|---|---|
| fixed length control field | 00937nam a22001697a 4500 |
| 008 - FIXED-LENGTH DATA ELEMENTS--GENERAL INFORMATION | |
| fixed length control field | 140707b xxu||||| |||| 00| 0 eng d |
| 020 ## - INTERNATIONAL STANDARD BOOK NUMBER | |
| International Standard Book Number | 9789023244844 |
| 050 ## - LIBRARY OF CONGRESS CALL NUMBER | |
| Classification number | HT 391.U53 |
| 100 ## - MAIN ENTRY--PERSONAL NAME | |
| Personal name | Van Der Ploeg, Jan Douwe |
| 245 ## - TITLE STATEMENT | |
| Title | Unfolding webs: the dynamics of regional rural development. / |
| Statement of responsibility, etc. | Jan Douwe, Ploeg Van Der |
| 260 ## - PUBLICATION, DISTRIBUTION, ETC. | |
| Place of publication, distribution, etc. | Netherlands: |
| Name of publisher, distributor, etc. | Van Gorcum, |
| Date of publication, distribution, etc. | 2008. |
| 300 ## - PHYSICAL DESCRIPTION | |
| Extent | ix,262p.: |
| Other physical details | ill.; |
| Dimensions | 24cm. |
| 500 ## - GENERAL NOTE | |
| General note | Includes references. |
| 505 ## - FORMATTED CONTENTS NOTE | |
| Formatted contents note | Contents: Towards a framework for understanding regional rural development -- Sustainability and rural development -- The endogeneity of rural economics -- The dynamics of novelty production -- Social capital -- New institutional arrangements in rural development -- The governance of markets -- The rural web: A synthesis -- Testing the web: A comparative analysis -- The impact of policy arrangements -- Some final reflections. |
| 700 ## - ADDED ENTRY--PERSONAL NAME | |
| Personal name | Marsden, Terry |
| 942 ## - ADDED ENTRY ELEMENTS (KOHA) | |
| Source of classification or shelving scheme | Library of Congress Classification |
| Koha item type | Books |
| Withdrawn status | Lost status | Source of classification or shelving scheme | Damaged status | Not for loan | Home library | Current library | Shelving location | Date acquired | Total Checkouts | Full call number | Barcode | Date last seen | Copy number | Price effective from | Koha item type |
|---|---|---|---|---|---|---|---|---|---|---|---|---|---|---|---|
| Library of Congress Classification | WISCONSIN INTERNATIONAL UNIVERSITY COLLEGE, GHANA - MAIN LIBRARY | WISCONSIN INTERNATIONAL UNIVERSITY COLLEGE, GHANA - MAIN LIBRARY | Reference | 07/07/2014 | HT 391.U53 | 7436/465/13 | 07/07/2014 | 1 | 07/07/2014 | Books |
